000 00611nam a2200217Ia 4500
003 OSt
005 20240413120149.0
008 210210b2003 xxu||||| |||| 00| 0 eng d
020 _a81 88278 05 X
040 _cAL
041 _aKannada
082 _aK894.9 RAMA
100 _aRAMACHANDRARAV (Sa Kra).
_dರಾಮಚಂದ್ರರಾವ್ (ಸಾ ಕೃ)
_9160012
245 _aAbhinavagupta.
_bಅಭಿನವ ಗುಪ್ತ
260 _aBengaluru
_bAbhijnana
_c2003
300 _a67
650 _aabhinavagupta
_9160013
690 _aKannada Criticism
_9160014
906 _a058483
942 _2ddc
_cBK
999 _c105644
_d105644